000 00386nam a22001697a 4500
005 20170401123113.0
008 170401b xxu||||| |||| 00| 0 eng d
020 _a978-93-392-0404-4
041 _aeng
100 _aNAG,P.K
_93742
245 _aPOWER PLANT ENGINEERING
250 _a4th
260 _bMCGRAW HILL
_c2014
300 _a955
650 _aENGINEERING
_93743
942 _cBK
999 _c5364
_d5362